Biblical Turkey : a guide to the Jewish and Christian sites of Asia Minor /

محفوظ في:

المؤلف الرئيسي: Wilson, Mark W.

التنسيق: كتاب

اللغة: English

منشور في: [Istanbul, Turkey] : Ege Yayınları, 2010.

الموضوعات:

الوسوم: إضافة وسم

لا توجد وسوم, كن أول من يضع وسما على هذه التسجيلة!

رقم الطلب: DR416 .W55 2010

LEADER 00815nam a22002777a 4500
003 OSt
005 20260122092000.0
008 120204s2010 tu ab 001 0 eng c
010 |a  2011340154 
020 |a 9786055607357 
035 |a (OCoLC) 694394129 
040 |c ARCE Library 
042 |a pcc  |a lcode 
043 |a a-tu--- 
050 4 |a DR416 .W55 2010 
100 1 |a Wilson, Mark W. 
245 1 0 |a Biblical Turkey :  |b a guide to the Jewish and Christian sites of Asia Minor /  |c Mark Wilson. 
260 |a [Istanbul, Turkey] :   |b Ege Yayınları,   |c 2010. 
300 |a 397 p. :  |b col. ill., col. maps ;  |c 21 cm. 
500 |a Includes index. 
650 0 |a Judaism  |z Turkey  |x History. 
650 0 |a Christianity  |z Turkey. 
651 0 |a Turkey  |v Guidebooks. 
901 |a reviewed 
942 |2 lcc  |c BK 
999 |c 55135  |d 55135